[Event "EIBCC 2019"]
[Site "Tallinn"]
[Date "2019.12.07"]
[Round "11.14"]
[White "Troyke, Christian"]
[Black "Motylev, Alexander"]
[Result "1/2-1/2"]
[WhiteElo "2247"]
[BlackElo "2629"]
[Annotator "ChessBase"]
[PlyCount "72"]
[EventDate "2019.12.06"]
[EventType "swiss"]
[EventCountry "EST"]
[SourceTitle "playchess.com"]
[Source "ChessBase"]
[SourceQuality "1"]

1. g3 d5 2. Bg2 e5 3. c4 d4 4. d3 Nc6 5. Nf3 Bb4+ 6. Bd2 Be7 7. O-O a5 8. Na3 Nf6 9. Nb5 O-O 10. h3 Re8 11. e3 Bf5 12. exd4 Bxd3 13. dxe5 Nd7 14. Bf4 Bxc4 15. e6 Bxb5 16. exd7 Rf8 17. Re1 Bf6 18. Qd5 Ba6 19. Ne5 Nb4 20. Qd2 g5 21. a3 gxf4 22. axb4 fxg3 23. fxg3 axb4 24. Rad1 Bg7 25. Qxb4 c6 26. Kh2 Qc7 27. Qe7 Qd8 28. Qd6 Qf6 29. Qc7 Rad8 30. Qb6 Qf5 31. Nxc6 bxc6 32. Qxa6 Rxd7 33. Rxd7 Qxd7 34. Qxc6 Qxc6 35. Bxc6 Bxb2 36. Re8 Rxe8 1/2-1/2

[Event "EIBCC 2019"]
[Site "Tallinn"]
[Date "2019.12.07"]
[Round "11.15"]
[White "D`Costa, Lorin"]
[Black "Ziska, Helgi Dam"]
[Result "1-0"]
[WhiteElo "2361"]
[BlackElo "2614"]
[Annotator "ChessBase"]
[PlyCount "113"]
[EventDate "2019.12.06"]
[EventType "swiss"]
[EventCountry "EST"]
[SourceTitle "playchess.com"]
[Source "ChessBase"]
[SourceQuality "1"]

1. d4 Nf6 2. Bf4 g6 3. e3 Bg7 4. Nf3 d6 5. h3 O-O 6. Be2 Nbd7 7. Bh2 b6 8. c4 Bb7 9. Nc3 e5 10. O-O exd4 11. Nxd4 Ne4 12. Nxe4 Bxe4 13. Qd2 a5 14. Bf3 Nc5 15. Bxe4 Nxe4 16. Qc2 Re8 17. Rfd1 Qf6 18. Rab1 Bh6 19. Nf3 Rad8 20. Rd3 Re7 21. b3 Rde8 22. a3 Bg7 23. b4 axb4 24. axb4 Ra8 25. Rd4 Rae8 26. Rd3 Bh6 27. Rbd1 Ra8 28. Nd4 Ree8 29. Re1 Bg7 30. Nf3 Ra7 31. Nd4 Rea8 32. Rdd1 Ra2 33. Qxe4 Qxf2+ 34. Kh1 Qb2 35. b5 Kf8 36. Rf1 Re8 37. Qd5 Re7 38. Rb1 Qd2 39. Nc6 Qxd5 40. cxd5 Rxe3 41. Rbe1 Rxe1 42. Rxe1 Rd2 43. Nb4 Bc3 44. Rb1 Rd4 45. Na6 Rxd5 46. Nxc7 Rd3 47. Bg1 Ba5 48. Na8 d5 49. Bxb6 Bc3 50. Bc5+ Ke8 51. b6 Be5 52. b7 Kd7 53. b8=Q Bxb8 54. Rxb8 Rc3 55. Bb4 Rc4 56. Nb6+ Kc7 57. Nxc4 1-0

[Event "EIBCC 2019"]
[Site "Tallinn"]
[Date "2019.12.07"]
[Round "11.16"]
[White "Horvath, Dominik"]
[Black "Popov, Valerij"]
[Result "0-1"]
[WhiteElo "2340"]
[BlackElo "2547"]
[Annotator "ChessBase"]
[PlyCount "72"]
[EventDate "2019.12.06"]
[EventType "swiss"]
[EventCountry "EST"]
[SourceTitle "playchess.com"]
[Source "ChessBase"]
[SourceQuality "1"]

1. c4 e5 2. Nc3 Bb4 3. g3 Bxc3 4. dxc3 d6 5. Bg2 Nc6 6. e4 Be6 7. b3 Qd7 8. Ne2 Bh3 9. O-O h5 10. f3 Nge7 11. Be3 b6 12. Bxh3 Qxh3 13. Kh1 O-O-O 14. Rf2 Qe6 15. Qd3 g6 16. a4 Kb7 17. Kg2 Rdg8 18. f4 f5 19. a5 h4 20. a6+ Kc8 21. Rh1 Rh5 22. Ng1 exf4 23. Rxf4 Ne5 24. Qc2 Rgh8 25. exf5 Nxf5 26. Qe4 hxg3 27. h3 Re8 28. Bd4 Kd7 29. Ne2 Nxc4 30. Qxe6+ Rxe6 31. Nxg3 Nxg3 32. Kxg3 Ne5 33. Re1 Rg5+ 34. Kh4 Rg2 35. Bxe5 g5+ 36. Kh5 gxf4 0-1

[Event "EIBCC 2019"]
[Site "Tallinn"]
[Date "2019.12.07"]
[Round "11.17"]
[White "Kukk, Sander"]
[Black "Ruck, Robert"]
[Result "1/2-1/2"]
[WhiteElo "2312"]
[BlackElo "2541"]
[Annotator "ChessBase"]
[PlyCount "113"]
[EventDate "2019.12.06"]
[EventType "swiss"]
[EventCountry "EST"]
[SourceTitle "playchess.com"]
[Source "ChessBase"]
[SourceQuality "1"]

1. b3 Nf6 2. Bb2 g6 3. e3 Bg7 4. Nf3 O-O 5. d4 c5 6. c4 cxd4 7. Nxd4 d5 8. Nc3 Nc6 9. Nxd5 Nxd5 10. Nxc6 bxc6 11. Bxg7 Kxg7 12. cxd5 cxd5 13. Be2 e5 14. O-O Bb7 15. Qd2 Qb6 16. Rac1 Rfd8 17. Qc3 d4 18. exd4 exd4 19. Qb2 Rd7 20. Bd3 Qf6 21. Qd2 Rad8 22. Rc5 Rd5 23. Rc7 R8d7 24. Rfc1 Qd6 25. Rxd7 Qxd7 26. Qf4 Qe7 27. h3 Rd7 28. Bb5 Rd6 29. Bd3 Rd7 30. Kh2 Rd6 31. Rc5 Rd7 32. Re5 Qd6 33. Qg3 Re7 34. Rxe7 Qxe7 35. Qf4 Qd7 36. Qe5+ f6 37. Qf4 Qd5 38. f3 Qd7 39. Kg1 Bc6 40. h4 Bb7 41. a4 Bc6 42. Kh2 Bb7 43. Kg3 Bc6 44. h5 gxh5 45. Kh4 Qd5 46. Qc7+ Bd7 47. Qf4 Qe6 48. Kxh5 Qxb3 49. Qe4 Qf7+ 50. Kh4 Kf8 51. a5 Qg7 52. g4 Qg5+ 53. Kg3 Qe5+ 54. Qxe5 fxe5 55. Bxh7 Kg7 56. Bd3 Kf6 57. Kf2 1/2-1/2

[Event "EIBCC 2019"]
[Site "Tallinn"]
[Date "2019.12.07"]
[Round "11.18"]
[White "Martinez Pla, Xavier"]
[Black "Turov, Maxim"]
[Result "0-1"]
[WhiteElo "2301"]
[BlackElo "2535"]
[Annotator "ChessBase"]
[PlyCount "116"]
[EventDate "2019.12.06"]
[EventType "swiss"]
[EventCountry "EST"]
[SourceTitle "playchess.com"]
[Source "ChessBase"]
[SourceQuality "1"]

1. e4 c6 2. d4 d5 3. e5 Bf5 4. Nf3 e6 5. Be2 Ne7 6. O-O Nc8 7. Nbd2 Be7 8. Nb3 O-O 9. Ne1 a5 10. a4 Nb6 11. Bd3 Nc4 12. Bxf5 exf5 13. Nd3 Na6 14. c3 Nc7 15. Nd2 Ne6 16. Nf3 b5 17. Qc2 Re8 18. Bd2 Qb6 19. b3 Nxd2 20. Qxd2 b4 21. cxb4 Nxd4 22. Nxd4 Qxd4 23. bxa5 c5 24. Rfd1 c4 25. Nf4 Qxd2 26. Rxd2 Bg5 27. g3 Rxe5 28. bxc4 dxc4 29. Rd4 Rc5 30. Rc1 c3 31. Rc2 g6 32. Ne2 Bf6 33. Rd3 Rcxa5 34. Nxc3 Rc5 35. Nd5 Rxc2 36. Nxf6+ Kg7 37. Nd5 Rxa4 38. Ne3 Rb2 39. Nd1 Re2 40. Kf1 Rea2 41. Kg2 f4 42. Nc3 R2a3 43. Nxa4 Rxd3 44. Nc5 Rd5 45. Ne4 fxg3 46. hxg3 f5 47. Ng5 h6 48. Ne6+ Kf6 49. Nf4 Rd2 50. Kf3 g5 51. Ng2 h5 52. Ne3 Rd3 53. Ke2 Ra3 54. Nd5+ Ke5 55. Ne3 Ra2+ 56. Kf3 Ra3 57. Kg2 Rc3 58. Kf3 f4 0-1

[Event "EIBCC 2019"]
[Site "Tallinn"]
[Date "2019.12.07"]
[Round "11.19"]
[White "Dragnev, Valentin"]
[Black "Saveliev, Alexei"]
[Result "*"]
[WhiteElo "2523"]
[BlackElo "2279"]
[Annotator "ChessBase"]
[PlyCount "31"]
[EventDate "2019.12.06"]
[EventType "swiss"]
[EventCountry "EST"]
[SourceTitle "playchess.com"]
[Source "ChessBase"]
[SourceQuality "1"]

1. e4 e5 2. Nf3 d6 3. d4 exd4 4. Nxd4 Nf6 5. Nc3 Be7 6. Be2 O-O 7. O-O Re8 8. Bf4 Bf8 9. Qd3 Nbd7 10. f3 Nc5 11. Qd2 c6 12. Rad1 Bd7 13. Nb3 Nxb3 14. axb3 Qb6+ 15. Kh1 Rad8 16. Bxd6 *

[Event "EIBCC 2019"]
[Site "Tallinn"]
[Date "2019.12.07"]
[Round "11.19"]
[White "Saveliev, Alexei"]
[Black "Dragnev, Valentin"]
[Result "1-0"]
[WhiteElo "2279"]
[BlackElo "2523"]
[Annotator "ChessBase"]
[PlyCount "83"]
[EventDate "2019.12.06"]
[EventType "swiss"]
[EventCountry "EST"]
[SourceTitle "playchess.com"]
[Source "ChessBase"]
[SourceQuality "1"]

1. e4 e5 2. Nf3 d6 3. d4 exd4 4. Nxd4 Nf6 5. Nc3 Be7 6. Be2 O-O 7. O-O Re8 8. Bf4 Bf8 9. Qd3 Nbd7 10. f3 Nc5 11. Qd2 c6 12. Rad1 Bd7 13. Nb3 Nxb3 14. axb3 Qb6+ 15. Kh1 Rad8 16. Bxd6 Bxd6 17. Qxd6 Be6 18. Qf4 h6 19. Bd3 Qb4 20. Qe3 a6 21. Ne2 Bc8 22. Qd2 Qb6 23. Qf4 Qc5 24. Ng3 Qd4 25. Rfe1 Qxb2 26. e5 Nd5 27. Qe4 g6 28. Qh4 Kg7 29. f4 Qc3 30. f5 Nb4 31. f6+ Kh7 32. Rf1 Nxd3 33. cxd3 Rxe5 34. Ne4 Qd4 35. Qg3 Bf5 36. Nf2 Re3 37. Qc7 Qd7 38. Qb6 Re2 39. Rde1 Rde8 40. Rxe2 Rxe2 41. Qc5 Qd5 42. Qf8 1-0

[Event "EIBCC 2019"]
[Site "Tallinn"]
[Date "2019.12.07"]
[Round "11.20"]
[White "Usmanov, Vasily"]
[Black "Valner, Uku"]
[Result "*"]
[WhiteElo "2495"]
[BlackElo "2274"]
[Annotator "ChessBase"]
[PlyCount "43"]
[EventDate "2019.12.06"]
[EventType "swiss"]
[EventCountry "EST"]
[SourceTitle "playchess.com"]
[Source "ChessBase"]
[SourceQuality "1"]

1. e4 e5 2. Nf3 Nf6 3. Nxe5 d6 4. Nf3 Nxe4 5. Nc3 Nf6 6. d4 Be7 7. Bd3 O-O 8. O-O b6 9. Ne2 Bb7 10. Ng3 Re8 11. Nf5 Bf8 12. Bg5 h6 13. Bh4 g6 14. Ne3 Bg7 15. Re1 Nbd7 16. c3 c5 17. Rc1 Nf8 18. Bb5 Re7 19. Ng4 Rxe1+ 20. Nxe1 g5 21. Nxf6+ Qxf6 22. Bg3 *

[Event "EIBCC 2019"]
[Site "Tallinn"]
[Date "2019.12.07"]
[Round "11.20"]
[White "Valner, Uku"]
[Black "Usmanov, Vasily"]
[Result "0-1"]
[WhiteElo "2274"]
[BlackElo "2495"]
[Annotator "ChessBase"]
[PlyCount "80"]
[EventDate "2019.12.06"]
[EventType "swiss"]
[EventCountry "EST"]
[SourceTitle "playchess.com"]
[Source "ChessBase"]
[SourceQuality "1"]

1. e4 e5 2. Nf3 Nf6 3. Nxe5 d6 4. Nf3 Nxe4 5. Nc3 Nf6 6. d4 Be7 7. Bd3 O-O 8. O-O b6 9. Ne2 Bb7 10. Ng3 Re8 11. Nf5 Bf8 12. Bg5 h6 13. Bh4 g6 14. Ne3 Bg7 15. Re1 Nbd7 16. c3 c5 17. Rc1 Nf8 18. Bb5 Re7 19. Ng4 Rxe1+ 20. Nxe1 g5 21. Nxf6+ Qxf6 22. Bg3 cxd4 23. cxd4 Qxd4 24. Qxd4 Bxd4 25. Rc7 Bd5 26. b3 Ne6 27. Rd7 Rc8 28. Rxd6 Rc1 29. Kf1 Be4 30. f3 Bb1 31. Bc4 Bc3 32. a4 Kg7 33. Rd7 Kf6 34. Rd6 h5 35. h3 h4 36. Bf2 Ke7 37. Rd5 f6 38. a5 Bxa5 39. Rb5 Bc3 40. Rf5 Bxf5 0-1

[Event "EIBCC 2019"]
[Site "Tallinn"]
[Date "2019.12.07"]
[Round "11.21"]
[White "Belyakov, Bogdan"]
[Black "Shvyrjov, Igor"]
[Result "*"]
[WhiteElo "2431"]
[BlackElo "2273"]
[Annotator "NA"]
[PlyCount "32"]
[EventDate "2019.12.06"]
[EventType "swiss"]
[EventCountry "EST"]
[SourceTitle "playchess.com"]
[Source "ChessBase"]
[SourceQuality "1"]

1. d4 Nf6 2. Nf3 g6 3. c4 Bg7 4. Nc3 O-O 5. Bg5 c5 6. e3 cxd4 7. Nxd4 Qa5 8. Bh4 Ne4 9. Rc1 Nc6 10. Be2 Nxc3 11. Rxc3 Qxa2 12. O-O Nxd4 13. exd4 Qxb2 14. Qd3 Qb6 15. Bxe7 Re8 16. c5 Qe6 *

[Event "EIBCC 2019"]
[Site "Tallinn"]
[Date "2019.12.07"]
[Round "11.21"]
[White "Shvyrjov, Igor"]
[Black "Belyakov, Bogdan"]
[Result "1-0"]
[WhiteElo "2273"]
[BlackElo "2431"]
[Annotator "NA"]
[PlyCount "47"]
[EventDate "2019.12.06"]
[EventType "swiss"]
[EventCountry "EST"]
[SourceTitle "playchess.com"]
[Source "ChessBase"]
[SourceQuality "1"]

1. d4 Nf6 2. Nf3 g6 3. c4 Bg7 4. Nc3 O-O 5. Bg5 c5 6. e3 cxd4 7. Nxd4 Qa5 8. Bh4 Ne4 9. Rc1 Nc6 10. Be2 Nxc3 11. Rxc3 Qxa2 12. O-O Nxd4 13. exd4 Qxb2 14. Qd3 Qb6 15. Bxe7 Re8 16. c5 Qe6 17. Bd6 Qxe2 18. Qg3 b6 19. Re3 Rxe3 20. fxe3 Ba6 21. Re1 Qd3 22. h4 bxc5 23. Qf3 Re8 24. dxc5 1-0

[Event "EIBCC 2019"]
[Site "Tallinn"]
[Date "2019.12.07"]
[Round "11.22"]
[White "Nguyen, Thai Dai Van"]
[Black "Lazavik, Denis"]
[Result "1/2-1/2"]
[WhiteElo "2419"]
[BlackElo "2222"]
[Annotator "NA"]
[PlyCount "81"]
[EventDate "2019.12.06"]
[EventType "swiss"]
[EventCountry "EST"]
[SourceTitle "playchess.com"]
[Source "ChessBase"]
[SourceQuality "1"]

1. d4 d5 2. c4 c6 3. Nc3 Nf6 4. e3 g6 5. Nf3 Bg7 6. Be2 O-O 7. O-O dxc4 8. Bxc4 Bg4 9. h3 Bxf3 10. Qxf3 Nbd7 11. Qe2 e5 12. dxe5 Nxe5 13. Bb3 Qe7 14. Bd2 Rad8 15. Rfd1 Ned7 16. Bc2 Nc5 17. e4 Ne6 18. Be3 Nd7 19. f4 Qb4 20. Rab1 Nd4 21. Qf2 Nxc2 22. Qxc2 Nb6 23. e5 Qc4 24. Qe4 Qxe4 25. Nxe4 Nd5 26. Bc5 Rfe8 27. g3 f6 28. Nd6 Re6 29. Nxb7 Rb8 30. Na5 fxe5 31. Nxc6 Rxc6 32. Rxd5 exf4 33. Ba3 fxg3 34. Rd7 Rc2 35. Re1 Bf6 36. Re6 Bg5 37. Re5 Bf6 38. Re6 Bg5 39. Re5 Bf6 40. Re6 Bg5 41. Re5 1/2-1/2

[Event "EIBCC 2019"]
[Site "Tallinn"]
[Date "2019.12.07"]
[Round "11.22"]
[White "Lazavik, Denis"]
[Black "Nguyen, Thai Dai Van"]
[Result "*"]
[WhiteElo "2222"]
[BlackElo "2419"]
[Annotator "NA"]
[PlyCount "40"]
[EventDate "2019.12.06"]
[EventType "swiss"]
[EventCountry "EST"]
[SourceTitle "playchess.com"]
[Source "ChessBase"]
[SourceQuality "1"]

1. d4 d5 2. c4 c6 3. Nc3 Nf6 4. e3 g6 5. Nf3 Bg7 6. Be2 O-O 7. O-O dxc4 8. Bxc4 Bg4 9. h3 Bxf3 10. Qxf3 Nbd7 11. Qe2 e5 12. dxe5 Nxe5 13. Bb3 Qe7 14. Bd2 Rad8 15. Rfd1 Ned7 16. Bc2 Nc5 17. e4 Ne6 18. Be3 Nd7 19. f4 Qb4 20. Rab1 Nd4 *

[Event "EIBCC 2019"]
[Site "Tallinn"]
[Date "2019.12.07"]
[Round "11.23"]
[White "Loginov, Valery A"]
[Black "Chernyak, Viktoria"]
[Result "*"]
[WhiteElo "2376"]
[BlackElo "2213"]
[Annotator "NA"]
[PlyCount "37"]
[EventDate "2019.12.06"]
[EventType "swiss"]
[EventCountry "EST"]
[SourceTitle "playchess.com"]
[Source "ChessBase"]
[SourceQuality "1"]

1. c4 g6 2. g3 Bg7 3. Bg2 c5 4. Nf3 Nc6 5. O-O d6 6. d3 e5 7. Nc3 Nge7 8. Bg5 h6 9. Bd2 Be6 10. Qc1 Rb8 11. a3 a6 12. Ne1 Nd4 13. Qd1 b5 14. e3 Ndc6 15. b3 O-O 16. Qc2 f5 17. Rd1 g5 18. f4 exf4 19. gxf4 *

[Event "EIBCC 2019"]
[Site "Tallinn"]
[Date "2019.12.07"]
[Round "11.23"]
[White "Chernyak, Viktoria"]
[Black "Loginov, Valery A"]
[Result "0-1"]
[WhiteElo "2213"]
[BlackElo "2376"]
[Annotator "NA"]
[PlyCount "78"]
[EventDate "2019.12.06"]
[EventType "swiss"]
[EventCountry "EST"]
[SourceTitle "playchess.com"]
[Source "ChessBase"]
[SourceQuality "1"]

1. c4 g6 2. g3 Bg7 3. Bg2 c5 4. Nf3 Nc6 5. O-O d6 6. d3 e5 7. Nc3 Nge7 8. Bg5 h6 9. Bd2 Be6 10. Qc1 Rb8 11. a3 a6 12. Ne1 Nd4 13. Qd1 b5 14. e3 Ndc6 15. b3 O-O 16. Qc2 f5 17. Rd1 g5 18. f4 exf4 19. gxf4 g4 20. Nd5 Ng6 21. Bc3 Qd7 22. Bxg7 Qxg7 23. Qf2 Nce7 24. Nc7 Bc8 25. d4 bxc4 26. bxc4 Kh7 27. Nd3 Rb3 28. dxc5 Qf6 29. cxd6 Qxd6 30. Nd5 Nxd5 31. Bxd5 Rxa3 32. Qb2 Ra5 33. Qd4 Qf6 34. Qa7+ Kh8 35. Rb1 Qc3 36. Rfd1 Ra2 37. Qd4+ Qxd4 38. exd4 Ne7 39. c5 Nxd5 0-1

[Event "EIBCC 2019"]
[Site "Tallinn"]
[Date "2019.12.07"]
[Round "11.24"]
[White "Dorokhin, Mykhailo"]
[Black "Babanin, Gleb"]
[Result "0-1"]
[WhiteElo "2364"]
[BlackElo "2201"]
[Annotator "NA"]
[PlyCount "74"]
[EventDate "2019.12.06"]
[EventType "swiss"]
[EventCountry "EST"]
[SourceTitle "playchess.com"]
[Source "ChessBase"]
[SourceQuality "1"]

1. f4 d5 2. Nf3 Nf6 3. e3 c5 4. Be2 Nc6 5. O-O Bf5 6. b3 h6 7. Bb2 e6 8. Ne5 Nxe5 9. fxe5 Nd7 10. Bd3 Bxd3 11. cxd3 Qg5 12. Qf3 Qg6 13. d4 cxd4 14. Bxd4 Be7 15. Nc3 O-O 16. e4 dxe4 17. Nxe4 a6 18. Rac1 Rac8 19. Nd6 Bxd6 20. exd6 Rc2 21. Rxc2 Qxc2 22. Bc3 Nc5 23. Qg4 Qg6 24. Qxg6 fxg6 25. Rxf8+ Kxf8 26. b4 Nd7 27. Kf2 Kf7 28. Ke3 e5 29. d4 exd4+ 30. Bxd4 Nf6 31. Kf4 Ke6 32. Bxf6 gxf6 33. h4 h5 34. g4 hxg4 35. Kxg4 Kxd6 36. h5 gxh5+ 37. Kxh5 Ke5 0-1

[Event "EIBCC 2019"]
[Site "Tallinn"]
[Date "2019.12.07"]
[Round "11.24"]
[White "Babanin, Gleb"]
[Black "Dorokhin, Mykhailo"]
[Result "*"]
[WhiteElo "2201"]
[BlackElo "2364"]
[Annotator "NA"]
[PlyCount "39"]
[EventDate "2019.12.06"]
[EventType "swiss"]
[EventCountry "EST"]
[SourceTitle "playchess.com"]
[Source "ChessBase"]
[SourceQuality "1"]

1. f4 d5 2. Nf3 Nf6 3. e3 c5 4. Be2 Nc6 5. O-O Bf5 6. b3 h6 7. Bb2 e6 8. Ne5 Nxe5 9. fxe5 Nd7 10. Bd3 Bxd3 11. cxd3 Qg5 12. Qf3 Qg6 13. d4 cxd4 14. Bxd4 Be7 15. Nc3 O-O 16. e4 dxe4 17. Nxe4 a6 18. Rac1 Rac8 19. Nd6 Bxd6 20. exd6 *

[Event "EIBCC 2019"]
[Site "Tallinn"]
[Date "2019.12.07"]
[Round "11.25"]
[White "Kononenko, Dmitry"]
[Black "Riazantsev, Alexander"]
[Result "0-1"]
[WhiteElo "2706"]
[BlackElo "2635"]
[Annotator "TA"]
[PlyCount "42"]
[EventDate "2019.12.06"]
[EventType "swiss"]
[EventCountry "EST"]
[SourceTitle "playchess.com"]
[Source "ChessBase"]
[SourceQuality "1"]

1. e4 c6 2. d4 d5 3. exd5 cxd5 4. c4 Nf6 5. Nc3 e6 6. Nf3 Bb4 7. Bd3 dxc4 8. Bxc4 O-O 9. O-O a6 10. a3 Bxc3 11. bxc3 Qc7 12. Qb3 b5 13. Bd3 Bb7 14. Ne5 Nc6 15. f4 Rac8 16. Bd2 Na5 17. Qc2 Bd5 18. Rab1 Nc4 19. Bxc4 Bxc4 20. Nxc4 Qxc4 21. f5 Rfe8 0-1

[Event "EIBCC 2019"]
[Site "Tallinn"]
[Date "2019.12.07"]
[Round "11.25"]
[White "Riazantsev, Alexander"]
[Black "Kononenko, Dmitry"]
[Result "*"]
[WhiteElo "2635"]
[BlackElo "2706"]
[Annotator "TA"]
[PlyCount "36"]
[EventDate "2019.12.06"]
[EventType "swiss"]
[EventCountry "EST"]
[SourceTitle "playchess.com"]
[Source "ChessBase"]
[SourceQuality "1"]

1. e4 c6 2. d4 d5 3. exd5 cxd5 4. c4 Nf6 5. Nc3 e6 6. Nf3 Bb4 7. Bd3 dxc4 8. Bxc4 O-O 9. O-O a6 10. a3 Bxc3 11. bxc3 Qc7 12. Qb3 b5 13. Bd3 Bb7 14. Ne5 Nc6 15. f4 Rac8 16. Bd2 Na5 17. Qc2 Bd5 18. Rab1 Nc4 *

[Event "EIBCC 2019"]
[Site "Tallinn"]
[Date "2019.12.07"]
[Round "11.26"]
[White "Pohjala, Henri"]
[Black "Ortega Ruiz, Jose Miguel"]
[Result "0-1"]
[WhiteElo "2447"]
[BlackElo "2272"]
[Annotator "NA"]
[PlyCount "68"]
[EventDate "2019.12.06"]
[EventType "swiss"]
[EventCountry "EST"]
[SourceTitle "playchess.com"]
[Source "ChessBase"]
[SourceQuality "1"]

1. d4 Nf6 2. Bg5 e6 3. Nf3 h6 4. Bf4 g5 5. Bg3 Bg7 6. e3 d6 7. Nbd2 b6 8. Bd3 Bb7 9. Qe2 Nbd7 10. a4 a6 11. c3 Qe7 12. e4 Nh5 13. Nc4 Nxg3 14. hxg3 d5 15. exd5 exd5 16. Ne3 Nf6 17. Ne5 Bc8 18. f4 gxf4 19. gxf4 c5 20. Qf3 cxd4 21. Nxd5 Nxd5 22. Qxd5 Bb7 23. Qxd4 Rd8 24. Qe3 f6 25. O-O fxe5 26. Bg6+ Kd7 27. Qxb6 Kc8 28. Bf5+ Kb8 29. Be4 exf4 30. Rxf4 Be5 31. Rf5 Bd6 32. Bf3 Rhf8 33. Rxf8 Rxf8 34. Rd1 Bc5+ 0-1

[Event "EIBCC 2019"]
[Site "Tallinn"]
[Date "2019.12.07"]
[Round "11.26"]
[White "Ortega Ruiz, Jose Miguel"]
[Black "Pohjala, Henri"]
[Result "*"]
[WhiteElo "2272"]
[BlackElo "2447"]
[Annotator "NA"]
[PlyCount "31"]
[EventDate "2019.12.06"]
[EventType "swiss"]
[EventCountry "EST"]
[SourceTitle "playchess.com"]
[Source "ChessBase"]
[SourceQuality "1"]

1. d4 Nf6 2. Bg5 e6 3. Nf3 h6 4. Bf4 g5 5. Bg3 Bg7 6. e3 d6 7. Nbd2 b6 8. Bd3 Bb7 9. Qe2 Nbd7 10. a4 a6 11. c3 Qe7 12. e4 Nh5 13. Nc4 Nxg3 14. hxg3 d5 15. exd5 exd5 16. Ne3 *

[Event "EIBCC 2019"]
[Site "Tallinn"]
[Date "2019.12.07"]
[Round "11.27"]
[White "Thorfinnsson, Bragi"]
[Black "Bru Rullo, Llatzer"]
[Result "1/2-1/2"]
[WhiteElo "2422"]
[BlackElo "2242"]
[Annotator "NA"]
[PlyCount "100"]
[EventDate "2019.12.06"]
[EventType "swiss"]
[EventCountry "EST"]
[SourceTitle "playchess.com"]
[Source "ChessBase"]
[SourceQuality "1"]

1. d4 Nf6 2. Nc3 e6 3. a3 a6 4. Bf4 c5 5. e3 Nc6 6. Nf3 Be7 7. h3 h6 8. Be2 O-O 9. O-O b5 10. d5 exd5 11. Nxd5 Nxd5 12. Qxd5 Bf6 13. c3 c4 14. e4 Re8 15. Rad1 Qe7 16. Rfe1 Bb7 17. e5 Bg5 18. Bxg5 hxg5 19. Qxd7 Rad8 20. Qxe7 Rxe7 21. Rxd8+ Nxd8 22. Rd1 Nc6 23. Rd5 f6 24. Rc5 Nxe5 25. Nxe5 Rxe5 26. Rxe5 fxe5 27. Bg4 Kf7 28. g3 Kf6 29. Kf1 Be4 30. Ke2 g6 31. Bf3 Bxf3+ 32. Kxf3 Kf5 33. Ke3 Kf6 34. Ke4 Ke6 35. f3 a5 36. f4 exf4 37. gxf4 gxf4 38. Kxf4 Kf6 39. Kg4 g5 40. Kg3 Kf5 41. Kf3 Ke5 42. Ke3 Kd5 43. Kf3 Ke5 44. Kg4 Kf6 45. Kg3 Ke5 46. Kf3 Kf5 47. Ke3 Ke5 48. Kf3 Kf5 49. Kg3 Ke5 50. Kg4 Kf6 1/2-1/2

[Event "EIBCC 2019"]
[Site "Tallinn"]
[Date "2019.12.07"]
[Round "11.27"]
[White "Bru Rullo, Llatzer"]
[Black "Thorfinnsson, Bragi"]
[Result "*"]
[WhiteElo "2242"]
[BlackElo "2422"]
[Annotator "NA"]
[PlyCount "43"]
[EventDate "2019.12.06"]
[EventType "swiss"]
[EventCountry "EST"]
[SourceTitle "playchess.com"]
[Source "ChessBase"]
[SourceQuality "1"]

1. d4 Nf6 2. Nc3 e6 3. a3 a6 4. Bf4 c5 5. e3 Nc6 6. Nf3 Be7 7. h3 h6 8. Be2 O-O 9. O-O b5 10. d5 exd5 11. Nxd5 Nxd5 12. Qxd5 Bf6 13. c3 c4 14. e4 Re8 15. Rad1 Qe7 16. Rfe1 Bb7 17. e5 Bg5 18. Bxg5 hxg5 19. Qxd7 Rad8 20. Qxe7 Rxe7 21. Rxd8+ Nxd8 22. Rd1 *

[Event "EIBCC 2019"]
[Site "Tallinn"]
[Date "2019.12.07"]
[Round "11.28"]
[White "Volodin, Aleksandr"]
[Black "Martynov, Roman"]
[Result "*"]
[WhiteElo "2401"]
[BlackElo "2196"]
[Annotator "NA"]
[PlyCount "36"]
[EventDate "2019.12.06"]
[EventType "swiss"]
[EventCountry "EST"]
[SourceTitle "playchess.com"]
[Source "ChessBase"]
[SourceQuality "1"]

1. d4 d5 2. c4 c6 3. e3 Nf6 4. Nc3 e6 5. Nf3 Nbd7 6. Qc2 Bd6 7. b3 O-O 8. Be2 e5 9. cxd5 cxd5 10. Nb5 Bb4+ 11. Bd2 Bxd2+ 12. Nxd2 a6 13. dxe5 Nxe5 14. Nd4 Bg4 15. Bxg4 Nfxg4 16. O-O Rc8 17. Qf5 g6 18. Qf4 Qe7 *

[Event "EIBCC 2019"]
[Site "Tallinn"]
[Date "2019.12.07"]
[Round "11.28"]
[White "Martynov, Roman"]
[Black "Volodin, Aleksandr"]
[Result "1-0"]
[WhiteElo "2196"]
[BlackElo "2401"]
[Annotator "NA"]
[PlyCount "149"]
[EventDate "2019.12.06"]
[EventType "swiss"]
[EventCountry "EST"]
[SourceTitle "playchess.com"]
[Source "ChessBase"]
[SourceQuality "1"]

1. d4 d5 2. c4 c6 3. e3 Nf6 4. Nc3 e6 5. Nf3 Nbd7 6. Qc2 Bd6 7. b3 O-O 8. Be2 e5 9. cxd5 cxd5 10. Nb5 Bb4+ 11. Bd2 Bxd2+ 12. Nxd2 a6 13. dxe5 Nxe5 14. Nd4 Bg4 15. Bxg4 Nfxg4 16. O-O Rc8 17. Qf5 g6 18. Qf4 Qe7 19. h3 Nf6 20. N2f3 Nxf3+ 21. Qxf3 Ne4 22. Rfc1 Qe5 23. Qe2 Rc7 24. Rc2 Rfc8 25. Rac1 Rxc2 26. Rxc2 Re8 27. Qg4 Re7 28. Qc8+ Kg7 29. Qg4 h5 30. Qe2 Qf6 31. Qd1 Qg5 32. Nf3 Qf5 33. Qd4+ Kh7 34. Rc1 g5 35. Qb2 g4 36. hxg4 hxg4 37. Nh4 Qe6 38. Qd4 g3 39. fxg3 Nxg3 40. Re1 Nf5 41. Qd3 Qe4 42. Qxe4 dxe4 43. Nxf5 Rc7 44. Nd4 Rc3 45. Kf2 Kg6 46. Re2 Rc5 47. Rc2 Ra5 48. a4 Rd5 49. Rc7 b5 50. Rc6+ Kg5 51. Rxa6 bxa4 52. bxa4 f5 53. Rb6 Rc5 54. Rb5 Rc4 55. Rxf5+ Kg4 56. Rf4+ Kg5 57. Rxe4 Rc3 58. Nf3+ Kf5 59. Rd4 Ra3 60. Rb4 Kg6 61. e4 Kh5 62. Kg3 Kg6 63. Kf4 Kh5 64. g4+ Kh6 65. g5+ Kh5 66. e5 Rc3 67. Re4 Rc6 68. a5 Ra6 69. Nd2 Rxa5 70. e6 Rf5+ 71. Ke3 Rf8 72. e7 Re8 73. Nf3 Kg6 74. Kf4 Kf7 75. Kf5 1-0

[Event "EIBCC 2019"]
[Site "Tallinn"]
[Date "2019.12.07"]
[Round "11.29"]
[White "Kozak, Adam"]
[Black "Muter, Donny"]
[Result "*"]
[WhiteElo "2385"]
[BlackElo "2169"]
[Annotator "NA"]
[PlyCount "34"]
[EventDate "2019.12.06"]
[EventType "swiss"]
[EventCountry "EST"]
[SourceTitle "playchess.com"]
[Source "ChessBase"]
[SourceQuality "1"]

1. Nf3 d6 2. d4 Bg4 3. g3 c6 4. Bg2 Nd7 5. O-O e5 6. e4 Ngf6 7. h3 Bh5 8. Nc3 Qc7 9. Re1 Be7 10. Be3 O-O 11. Qd2 b5 12. Nh4 Bg6 13. Nxg6 hxg6 14. Rad1 a6 15. Nb1 Rfd8 16. c3 c5 17. dxe5 dxe5 *